| 000 | 01349nam2a2200277 4500 | ||
|---|---|---|---|
| 001 | RU\NLR\bibl\129191 | ||
| 005 | 20250617104222.0 | ||
| 035 | _a(NLR Aleph) 000126572 | ||
| 090 |
_a722027 _c722027 |
||
| 100 | _a20010119d1999 |||y0rusy50 ca | ||
| 101 | 0 |
_arus _alat |
|
| 102 | _aRU | ||
| 105 | _ay ||||||||| | ||
| 200 | 1 |
_aЕвангелие _iИоанн _hГл.6 _dEvangelium _zlat |
|
| 210 |
_d1999 _aБ. м. |
||
| 215 |
_aХХIV,[1], 771-1054 л. _d25 |
||
| 461 | 0 |
_1001RU\NLR\bibl\10763 _12001#$aГреко-славяно-русская текстология Нового завета$vЧ. 1 _935527 _aГребенский, Н. Н. _cСПб. _d1998 _fГребенский Н.Н. _lNovi testamenti teхtologia graeco-slavonico-russica _nИзд. авт. _oИсслед. о граммат. и лог. соответствии трехъязыч. текста _tГреко-славяно-русская текстология Нового завета _vЧ. 1 |
|
| 510 | 0 |
_aEvangelium _iIoannes _zlat |
|
| 605 |
_aБиблия _iНовый Завет _iЕвангелие от Иоанна _xИсследование текста _92079117 _3RU\NLR\auth\661254990 |
||
| 801 | 0 |
_aRU _bNLR _c20010119 _gPSBO |
|
| 801 | 1 |
_aRU _bNLR _c20010119 |
|
| 852 |
_aNLR _j90-7/945 |
||
| 942 | _cBOOK | ||
| 980 | _aNB | ||